| 000 | 00905naa a22002777a 4500 | ||
|---|---|---|---|
| 001 | BR6200381 | ||
| 003 | BR-BrBNA | ||
| 005 | 20240918173249.0 | ||
| 007 | ta | ||
| 008 | 230509b bl.||||| |||| 00| 0 por d | ||
| 040 |
_aBR-BrBNA _bpor _cBiblioteca Nacional de Agricultura |
||
| 041 | _a(Pt) | ||
| 072 |
_aF30 _b1622 |
||
| 090 | _aF30 BR6200381 | ||
| 100 | 1 | _aErickson, H.T. | |
| 100 | 1 | _aAntezana, R.A. | |
| 245 | 1 | _aIncompatibilidade em brassica oleracea var. capitada [repolho] | |
| 260 | 3 |
_aVicosa, MG (Brasil): _c1962. |
|
| 500 | _aOlericultura, v. 2 Vicosa, MG (Brasil): 1962. p. 248-255 (BR6200381-AM)F30 | ||
| 650 | _aREPOLHO | ||
| 650 | _aGENETICA | ||
| 650 | _aLINHAGEM | ||
| 773 | 0 |
_tOlericultura, v. 2 : 2. Congresso da Sociedade de Olericultura do Brasil / _w1300 BR6200351 _gVicosa, MG (Brasil), 1962. _q262 p. |
|
| 909 |
_a202404 _bLucia _c55 _dLucia Elande |
||
| 942 |
_cAM _2AGRIS |
||
| 999 |
_c303646 _d303646 |
||